[Event "IND-chT IIT 57th"]
[Site "Indore"]
[Date "2024.12.10"]
[Round "1.3"]
[White "Gupta, Deepit"]
[Black "Spandan, P Seth"]
[Result "1/2-1/2"]
[WhiteElo "1603"]
[BlackElo "1714"]
[PlyCount "92"]
[EventDate "2024.12.10"]
[EventType "team-swiss"]
[EventRounds "7"]
[EventCountry "IND"]
[SourceTitle "CB04_2025"]
[SourceDate "2025.01.22"]
[SourceVersion "1"]
[SourceVersionDate "2025.01.22"]
[SourceQuality "1"]
[WhiteTeam "Guwahati"]
[BlackTeam "Ropar"]
[WhiteTeamCountry "IND"]
[BlackTeamCountry "IND"]

1. d4 d5 2. c4 e6 3. Nc3 Nf6 4. Bf4 Bd6 5. Bxd6 Qxd6 6. e3 0-0 7. Nf3 b6 8. cxd5 exd5 9. Be2 Bb7 10. 0-0 Qe7 11. Ne5 Ne4 12. Nxe4 dxe4 13. Qb3 Nd7 14. Nxd7 Qxd7 15. Rac1 Rac8 16. Rfd1 Rfd8 17. Bc4 Bd5 18. Bxd5 Qxd5 19. Qa4 a5 20. a3 c5 21. h3 cxd4 22. Rxc8 Rxc8 23. Rxd4 Qe5 24. g3 g6 25. Qd7 Rc1+ 26. Kg2 Kg7 27. Qd5 Qxd5 28. Rxd5 Rc5 29. Rxc5 bxc5 30. Kf1 Kf6 31. Ke2 Ke5 32. Kd2 Kd5 33. Kc3 c4 34. b4 cxb3 35. Kxb3 Kc5 36. a4 h5 37. Kc3 f6 38. h4 g5 39. Kb3 Kd5 40. Kc3 Kc5 41. Kb3 gxh4 42. gxh4 f5 43. Kc3 Kd5 44. Kb3 Kc5 45. Kc3 Kd5 46. Kb3 Ke5 1/2-1/2